000
00331nam a2200133Ia 4500
008
240624s9999 xx 000 0 und d
041
_a
eng
082
_a
920 POD
100
_a
PODDAR NEERAJA
245
_a
BISMILLAH KHAN THE SHEHNAI MAESTRO
260
_c
2004
_a
New Delhi
_b
Rupa and Company
300
_a
64 : p.
365
_c
RS
_b
25
999
_c
17567
_d
17567